[Event "Schach am Rhein"]
[Site "Bad Breisig"]
[Date "2009.11.24"]
[Round "4.3"]
[White "Lubner, Wolfgang"]
[Black "Vorderbrügge, Franz-Josef"]
[Result "0-1"]
[WhiteElo "1669"]
[BlackElo "1924"]
[PlyCount "89"]
[EventDate "2009.??.??"]
[WhiteTeam "SC Bad Neuenahr/Aw."]
[BlackTeam "Schachverein Würselen 1926 e.V."]

1. e4 c6 2. d4 d5 3. e5 Bf5 4. Nf3 e6 5. Be2 c5 6. c3 Qb6 7. O-O Nc6 8. b3 Bg4
9. Be3 Nh6 10. h3 Bxf3 11. Bxf3 Nf5 12. g4 cxd4 13. cxd4 Nfxd4 14. Kg2 Bc5 15.
Nc3 Ba3 16. Ne2 Bc5 17. Nc3 Nxf3 18. Na4 Nh4+ 19. Kg3 Qd8 20. Nxc5 Qe7 21. Nd3
d4 22. Bd2 Ng6 23. Qe1 O-O 24. f4 Qh4+ 25. Kg2 Qxe1 26. Raxe1 Nge7 27. b4 a6
28. Rc1 Rfc8 29. Rc2 Na7 30. Rfc1 Rxc2 31. Rxc2 Nd5 32. Rc4 Nc6 33. a4 Rd8 34.
Kf3 g6 35. b5 Nb6 36. Rc1 Ne7 37. Ba5 Ned5 38. bxa6 bxa6 39. Rc6 Rb8 40. Bxb6
Rxb6 41. Rc4 Rb1 42. Rxd4 Rh1 43. Nf2 Ra1 44. Nd3 Ra3 45. Kg2 0-1

[Event "Schach am Rhein"]
[Site "Bad Breisig"]
[Date "2009.11.25"]
[Round "5.2"]
[White "Classen, Herbert"]
[Black "Kaiser, Hans"]
[Result "0-1"]
[WhiteElo "1913"]
[BlackElo "1815"]
[PlyCount "58"]
[EventDate "2009.??.??"]
[WhiteTeam "Schachverein 1949 Herzogenrath"]
[BlackTeam "Schachverein 1922 Hilden"]

1. e4 c5 2. Nf3 Nc6 3. d4 cxd4 4. Nxd4 Nf6 5. Nc3 e5 6. Ndb5 d6 7. Nd5 Nxd5 8.
exd5 Nb8 9. Bd3 (9. Be2 a6 10. Nc3 f5 11. O-O Be7 12. a4 O-O 13. a5 Nd7 14. Qd3
Nc5 15. Qc4 Bd7 16. Be3 Rc8 17. Qb4 Qc7 18. f4 e4 19. Rfc1 Bf6 20. Bd4 Bxd4+
21. Qxd4 Be8 22. Ra3 Nd7 23. Nd1 Qd8) 9... a6 10. Nc3 Qh4 11. Be3 f5 12. g3 Qf6
13. Qd2 Be7 14. O-O-O O-O 15. h4 b5 16. Be2 Nd7 17. h5 Bd8 18. f4 Bb6 19. Bxb6
Nxb6 20. fxe5 dxe5 21. Rdf1 Qd6 22. h6 g6 23. Rhg1 Bb7 24. g4 f4 25. Bf3 Nc4
26. Qd3 Ne3 27. Re1 Rae8 28. Rxe3 fxe3 29. Qxe3 Qf6 0-1

[Event "Schach am Rhein"]
[Site "Bad Breisig"]
[Date "2009.11.26"]
[Round "6.1"]
[White "Wittelsberger, Helmut"]
[Black "Buzov, Boris"]
[Result "1/2-1/2"]
[WhiteElo "1973"]
[BlackElo "2130"]
[PlyCount "45"]
[EventDate "2009.??.??"]
[WhiteTeam "SF Hillscheid"]
[BlackTeam "VfR - SC Koblenz"]

1. e4 d5 2. exd5 Qxd5 3. Nc3 Qd6 4. Nf3 Nf6 5. h3 a6 6. d4 b5 7. a3 Bb7 8. Be3
e6 9. Be2 Nbd7 10. O-O Be7 11. Nd2 Nb6 12. Bf3 Nbd5 13. Nxd5 Bxd5 14. Bxd5 Nxd5
15. Qf3 O-O 16. c4 bxc4 17. Nxc4 Qd8 18. Rac1 Bf6 19. Rfd1 Rb8 20. Ne5 Bxe5 21.
dxe5 Qd7 22. Bc5 Rfd8 23. Rd3 1/2-1/2

[Event "Schach am Rhein"]
[Site "Bad Breisig"]
[Date "2009.11.26"]
[Round "6.2"]
[White "Jung, Michael"]
[Black "Kaiser, Hans"]
[Result "1/2-1/2"]
[WhiteElo "1847"]
[BlackElo "1815"]
[PlyCount "23"]
[EventDate "2009.??.??"]
[WhiteTeam "SV Osnabrück"]
[BlackTeam "Schachverein 1922 Hilden"]

1. c4 e5 2. Nc3 Nc6 3. g3 Nf6 4. Bg2 Bc5 5. e4 a6 6. Nge2 d6 7. O-O O-O 8. d3
h6 9. h3 Nd4 10. Be3 Be6 11. Kh2 c6 12. Qd2 1/2-1/2

[Event "Schach am Rhein"]
[Site "Bad Breisig"]
[Date "2009.11.27"]
[Round "7.1"]
[White "Buzov, Boris"]
[Black "Jung, Michael"]
[Result "1-0"]
[WhiteElo "2130"]
[BlackElo "1847"]
[PlyCount "61"]
[EventDate "2009.??.??"]
[WhiteTeam "VfR - SC Koblenz"]
[BlackTeam "SV Osnabrück"]

1. e4 c6 2. d3 d5 3. Nd2 e5 4. Ngf3 Bg4 5. h3 Bh5 6. g4 Bg6 7. Nxe5 dxe4 8.
Nxg6 hxg6 9. Nxe4 Nf6 10. Bg2 Nbd7 11. Qe2 Qa5+ 12. Bd2 Bb4 13. c3 Be7 14. Nd6+
Kf8 15. Nc4 Qc7 16. O-O-O Re8 17. d4 b5 18. Ne5 Bd6 19. Nxd7+ Qxd7 20. Qd3 a5
21. Rde1 Rb8 22. Re2 b4 23. c4 Kg8 24. Kb1 Qc7 25. Rhe1 Bf4 26. Bxf4 Qxf4 27.
Bxc6 Rc8 28. Bg2 Kh7 29. Rc1 Rhd8 30. Rd2 Nd7 31. Qe3 1-0

[Event "Schach am Rhein"]
[Site "Bad Breisig"]
[Date "2009.11.27"]
[Round "7.2"]
[White "Kaiser, Hans"]
[Black "Durst, Uwe"]
[Result "1/2-1/2"]
[WhiteElo "1815"]
[BlackElo "2074"]
[PlyCount "39"]
[EventDate "2009.??.??"]
[WhiteTeam "Schachverein 1922 Hilden"]
[BlackTeam "Hamelner SV"]

1. e4 d6 2. d4 Nf6 3. Nc3 g6 4. Nf3 Bg7 5. Bd3 c6 6. O-O Qc7 7. Be3 Bg4 8. h3
Bxf3 9. Qxf3 Nbd7 10. Qe2 e5 11. d5 O-O 12. f3 cxd5 13. exd5 a6 14. Qf2 b5 15.
a3 Nc5 16. Rad1 Nfd7 17. Bxc5 Nxc5 18. Ne4 f5 19. Nxc5 Qxc5 20. Qxc5 1/2-1/2

[Event "Schach am Rhein"]
[Site "Bad Breisig"]
[Date "2009.11.28"]
[Round "8.1"]
[White "Durst, Uwe"]
[Black "Buzov, Boris"]
[Result "1/2-1/2"]
[WhiteElo "2074"]
[BlackElo "2130"]
[PlyCount "29"]
[EventDate "2009.??.??"]
[WhiteTeam "Hamelner SV"]
[BlackTeam "VfR - SC Koblenz"]

1. f4 Nf6 2. Nf3 d5 3. b3 c6 4. Bb2 Bg4 5. e3 Nbd7 6. Be2 Bxf3 7. Bxf3 Qc7 8.
d4 g6 9. O-O Bg7 10. Nd2 O-O 11. c4 e6 12. Rc1 Rfd8 13. Qe1 a5 14. a4 c5 15.
Be2 1/2-1/2

[Event "Schach am Rhein"]
[Site "Bad Breisig"]
[Date "2009.11.28"]
[Round "8.2"]
[White "Kaiser, Hans"]
[Black "Lubner, Wolfgang"]
[Result "1/2-1/2"]
[WhiteElo "1815"]
[BlackElo "1669"]
[PlyCount "24"]
[EventDate "2009.??.??"]
[WhiteTeam "Schachverein 1922 Hilden"]
[BlackTeam "SC Bad Neuenahr/Aw."]

1. e4 e6 2. Nc3 d5 3. Nf3 c5 4. Bb5+ Nc6 5. exd5 exd5 6. O-O a6 7. Bxc6+ bxc6
8. d4 Qc7 9. Re1+ Be6 10. Ng5 Qd7 11. Nxe6 fxe6 12. dxc5 Bxc5 1/2-1/2

[Event "Schach am Rhein"]
[Site "Bad Breisig"]
[Date "2009.11.28"]
[Round "8.5"]
[White "Jung, Michael"]
[Black "Kneip, Horst"]
[Result "1-0"]
[WhiteElo "1847"]
[BlackElo "1324"]
[PlyCount "32"]
[EventDate "2009.??.??"]
[WhiteTeam "SV Osnabrück"]
[BlackTeam "SC Bad Neuenahr/Aw."]

1. c4 d6 2. Nc3 e6 3. e4 b6 4. Nf3 Be7 5. d4 h6 6. g3 Nd7 7. Bg2 Bb7 8. O-O h5
9. e5 Rb8 10. exd6 cxd6 11. Re1 Nf8 12. Qa4+ Nd7 13. Qxa7 Qc8 14. Qa4 Bc6 15.
Qd1 Bb7 16. b3 h4 1-0

[Event "Schach am Rhein"]
[Site "Bad Breisig"]
[Date "2009.11.29"]
[Round "9.1"]
[White "Buzov, Boris"]
[Black "van Houten, Henk"]
[Result "1/2-1/2"]
[WhiteElo "2130"]
[BlackElo "1794"]
[PlyCount "20"]
[EventDate "2009.??.??"]
[WhiteTeam "VfR - SC Koblenz"]
[BlackTeam "Schachclub Gronau 1920 e.V."]

1. d4 d5 2. Bf4 g6 3. c3 Bg7 4. Nf3 Nf6 5. Nbd2 O-O 6. e3 Nbd7 7. Bd3 Re8 8.
Ne5 Nxe5 9. Bxe5 Nd7 10. Bxg7 Kxg7 1/2-1/2

[Event "Schach am Rhein"]
[Site "Bad Breisig"]
[Date "2009.11.29"]
[Round "9.2"]
[White "Flockerzi, Armin"]
[Black "Kaiser, Hans"]
[Result "1/2-1/2"]
[WhiteElo "1820"]
[BlackElo "1815"]
[PlyCount "52"]
[EventDate "2009.??.??"]
[WhiteTeam "VfR - SC Koblenz"]
[BlackTeam "Schachverein 1922 Hilden"]

1. Nf3 Nf6 2. d4 g6 3. c4 c5 4. e3 Bg7 5. Nc3 O-O 6. b3 d6 7. Bb2 Bg4 8. Be2
Re8 9. O-O a6 10. Qc2 cxd4 11. Nxd4 Bxe2 12. Qxe2 Qc7 13. Qf3 Nbd7 14. Rfd1 Ne5
15. Qe2 Nc6 16. Nxc6 bxc6 17. e4 Nd7 18. Na4 Bxb2 19. Qxb2 Qa5 20. Rd3 Qe5 21.
f3 Qxb2 22. Nxb2 a5 23. Na4 c5 24. Nc3 Nb6 25. Nd5 Nxd5 26. Rxd5 a4 1/2-1/2

[Event "Schach am Rhein"]
[Site "Bad Breisig"]
[Date "2009.11.29"]
[Round "9.7"]
[White "Oser, Thor"]
[Black "Vorderbrügge, Franz-Josef"]
[Result "0-1"]
[WhiteElo "1869"]
[BlackElo "1924"]
[PlyCount "80"]
[EventDate "2009.??.??"]
[WhiteTeam "SK 1929 Jöhlingen"]
[BlackTeam "Schachverein Würselen 1926 e.V."]

1. e4 c6 2. d4 d5 3. exd5 cxd5 4. c4 Nf6 5. Nc3 Nc6 6. Nf3 Bg4 7. cxd5 Nxd5 8.
Nxd5 Qxd5 9. Be2 e6 10. O-O Be7 11. Be3 O-O 12. a3 Rfd8 13. Qa4 Bf6 14. Rfd1
Qh5 15. Rd2 Qa5 16. Qd1 Ne7 17. b4 Qf5 18. Rc1 Nd5 19. Rc5 Be7 20. Rc4 Rac8 21.
Rdc2 Rxc4 22. Rxc4 Nb6 23. Rc1 Qd5 24. Ne5 Bxe2 25. Qxe2 Bd6 26. Nf3 Qe4 27.
Qc2 Qxc2 28. Rxc2 Rc8 29. Rxc8+ Nxc8 30. Nd2 Kf8 31. Nb3 b6 32. h3 Ke7 33. Kf1
Kd7 34. Ke2 Kc6 35. Na1 Kb5 36. Kd3 a5 37. Nc2 axb4 38. axb4 Bxb4 39. Nxb4 Kxb4
40. Bf4 Kb3 0-1